000
00319nam a2200133Ia 4500
008
191201s2011 xx 000 0 und d
100
_a
JAIN, Preeti
245
0
_a
Engineering Chemistry Practical books
250
_a
3rd
260
_a
N. Delhi
_b
Variety books
_c
2011
300
_a
142
650
_a
Applied
942
_2
ddc
_c
BK
999
_c
85
_d
85